Пастка для еліти (Запис № 580684)
[ простий вигляд ]
| 000 -Лідер | |
|---|---|
| fixed length control field | 02150 a2200265 4500 |
| 001 - Контрольний номер | |
| control field | 2162214035926813 |
| 003 - Ідентифікатор контрольного номера | |
| control field | UA-OsUOA |
| 005 - Дата та час останнього входження (трансакції) | |
| control field | 20260511102430.0 |
| 008 - Елементи даних фіксованої довжини – загальна інформація | |
| fixed length control field | 260511b un ao||| |||| 00| 0dukr d |
| 020 ## - Міжнародний стандартний книжковий номер (ISBN) | |
| Міжнародний стандартний книжковий номер (ISBN) (НП) | 9668321464 |
| 040 ## - Джерело каталогізації | |
| Агенція оригінальної каталогізації | UA-OsUOA |
| Мова каталогізації | ukr |
| Агенція, яка здійснювала перезапис | UA-OsUOA |
| Агенція, яка здійснювала модифікацію | UA-OsUOA |
| 041 ## - Код мови | |
| Код мови тексту/ звукової доріжки чи окремого заголовка (П) | ukr |
| 080 ## - Індекс Універсальної десяткової класифікації | |
| Індекс Універсальної десяткової класифікації (УДК) (НП) | 94(477):343.32 |
| 090 ## - Локальний шифр розміщення | |
| Класифікаційний індекс УДК | 94(477):343.32 |
| Авторський знак (НП) | Б23 |
| 100 ## - Основне введення – ім’я особи | |
| Ім’я особи (НП) | Бантишев О. Ф., Селюк А. В. |
| 9 (RLIN) | 25207 |
| 245 ## - Відомості про назву | |
| Назва (НП) | Пастка для еліти |
| 260 ## - Публікація, розповсюдження і т.п. (Вихідні дані) | |
| Місце публікації, розповсюдження і т.п. (П) | Київ |
| Ім’я/ наймення видавництва, розповсюджувача і т.п. (П) | Нора - Друк |
| Дата публікації, розповсюдження і т.п. (П) | 2004 |
| 300 ## - Фізичний опис | |
| Обсяг | 290 с. |
| 490 ## - Область серії | |
| Назва серії | Бібліотека журналу "В мире спецслужб" |
| 520 ## - Резюме і т.п. | |
| Резюме, реферат, анотація, тощо (НП) | Автори книги, яку ви тримаєте в руках, мали можливість детально ознайомитися з кримінальними справами, сфальсифікованими за часів сталінських репресій. Ви зустрінете добре знайомі вам імена Павла Губенка (Остап Вишня), Максима Рильського, Юрія Коцюбинського, а також імена інших талановитих синів України, які вже нічого не кажуть пересічному сучасному читачу, бо роки вони замовчувалися так, наче люди, які жили, творили, сміялися, кохали, народжували дітей, мріяли про майбутнє, а потім вмерли в муках, - взагалі не існували.<br/>Ці матеріали публікуються вперше, тому не виключена можливість, що хтось знайде у них відомості про давно зниклих безвісти родичів чи знайомих.<br/>Книга розрахована на широкий загал читачів. |
| 650 ## - Додаткове предметне введення – тематичний термін | |
| Тематичний термін чи географічна назва, як елемент введення (НП) | 94(477) Історія України |
| 9 (RLIN) | 1446 |
| 942 ## - Додаткові елементи входу (Коха) | |
| Тип елемента Koha | Книги |
| Source of classification or shelving scheme | Universal Decimal Classification |
| 955 ## - Код типу видання за змістом | |
| Код типу видання за змістом (НП) | Науково-популярні видання |
| Стан вилучень | Стан втрат | Джерело класифікації або схеми стелажів | Стан уражень | Не для кредиту | Код колекції | Постійне місце розташування | Поточне розміщення | Дата придбання | Джерело придбання | Вартість, звичайна ціна покупки | Інвентарний номер | Усього замовленно | Повний номер виклику | Штрих-код | Дата останнього перегляду | Вартість, ціна заміни | Ціна ефективна від | Тип елемента Koha |
|---|---|---|---|---|---|---|---|---|---|---|---|---|---|---|---|---|---|---|
| Universal Decimal Classification | Колекція Шевчука Валерія | АБ - Абонемент НБ | АБ - Абонемент НБ | 11/05/2026 | Акт №24/28.04.2026 | 25.00 | 169920 | 94(477) Б23 | 169920 | 11/05/2026 | 25.00 | 11/05/2026 | Книги |